[Event "11eme Open International de Saint-Affri"]
[Site "SAINT-AFFRIQUE (12)"]
[Date "????.??.??"]
[Round "1.1"]
[White "Ricou, Pierre"]
[Black "Hebden, Mark"]
[Result "0-1"]
[WhiteElo "2253"]
[BlackElo "2544"]
[PlyCount "79"]

1. e4 e5 2. Nf3 Nc6 3. Bb5 a6 4. Bxc6 dxc6 5. O-O Bd6 6. Re1 c5 7. d3 Ne7 8.
Nbd2 b5 9. Nf1 O-O 10. Ng3 f6 11. c3 Kh8 12. Be3 Rb8 13. Qe2 Qe8 14. d4 cxd4
15. cxd4 exd4 16. Nxd4 c5 17. Nb3 c4 18. Nd4 Qg6 19. f4 f5 20. exf5 Nxf5 21.
Ngxf5 Bxf5 22. Nxf5 Rxf5 23. Qf3 Rbf8 24. Rad1 h6 25. Qg3 Qf6 26. Bd4 Bc5 27.
Bxc5 Rxc5 28. Qf2 Rf5 29. g3 g5 30. Rd7 gxf4 31. g4 Rg5 32. h3 Rg7 33. Rd5 {
Les Blancs n'ont plus de 3 secondes!} 33... f3 34. Rde5 Rg6 35. Kh1 Qb6 36.
R5e3 Qd4 37. Kg1 Rd6 38. Re7 Qf6 39. R7e5 Qf4 40. Kf1 {#
Temps!} 0-1

[Event "11eme Open International de Saint-Affri"]
[Site "SAINT-AFFRIQUE (12)"]
[Date "????.??.??"]
[Round "1.2"]
[White "Degraeve, Jean-Marc"]
[Black "Saada, Julien"]
[Result "1-0"]
[WhiteElo "2541"]
[BlackElo "2245"]
[PlyCount "65"]

1. e4 c6 2. d4 d5 3. e5 Bf5 4. Nc3 e6 5. g4 Bg6 6. Nge2 f6 7. h4 fxe5 8. h5 Bf7
9. dxe5 Nd7 10. f4 Bc5 11. Nd4 Qb6 12. Nce2 O-O-O 13. c3 g5 14. hxg6 Bxg6 15.
b4 Bxd4 16. Nxd4 Be4 17. Rh3 Re8 18. Qa4 a6 19. Be3 Qc7 20. O-O-O h5 21. Be2
Re7 22. Rg1 h4 23. Nb3 Rf7 24. Nd4 Re7 25. Nf3 Bxf3 26. Bxf3 Nb6 27. Qa5 Nc4
28. Qxc7+ Kxc7 29. Bd4 Rhh7 30. Be2 Ref7 31. Bd3 Rh8 32. f5 Ne7 33. f6 1-0

[Event "11eme Open International de Saint-Affri"]
[Site "SAINT-AFFRIQUE (12)"]
[Date "????.??.??"]
[Round "1.3"]
[White "Calzetta, Monica"]
[Black "Flear, Glenn C"]
[Result "0-1"]
[WhiteElo "2242"]
[BlackElo "2527"]
[PlyCount "62"]

1. e4 e5 2. Nf3 Nc6 3. Bb5 a6 4. Ba4 Nf6 5. Qe2 Be7 6. c3 b5 7. Bb3 O-O 8. O-O
d6 9. d4 Bg4 10. d5 Na5 11. Bc2 c6 12. h3 Bd7 13. Rd1 Qc7 14. dxc6 Qxc6 15. b3
Rfe8 16. Bb2 Nb7 17. Nbd2 Nc5 18. Rac1 Bc8 19. b4 Ne6 20. c4 Nf4 21. Qf1 bxc4
22. Nxc4 Be6 23. Bb1 Qb5 24. a4 Qxb4 25. Ba3 Qxa4 26. Bxd6 Bxd6 27. Nxd6 Re7
28. Nxe5 {#} 28... Bxh3 29. Nc6 Rc7 30. Rd4 Qa3 31. Rc2 Bxg2 0-1

[Event "11eme Open International de Saint-Affri"]
[Site "SAINT-AFFRIQUE (12)"]
[Date "????.??.??"]
[Round "1.4"]
[White "Kosten, Anthony C"]
[Black "Guedon, Stephane"]
[Result "1-0"]
[WhiteElo "2514"]
[BlackElo "2232"]
[PlyCount "45"]

1. c4 Nf6 2. Nc3 e6 3. e4 d5 4. e5 d4 5. exf6 dxc3 6. bxc3 Qxf6 7. Nf3 c5 8.
Bd3 Nc6 9. Be4 Bd7 10. d4 h6 11. O-O Bd6 12. Rb1 Rb8 13. Be3 cxd4 14. cxd4 O-O
15. Re1 Rfc8 16. d5 exd5 17. cxd5 Nb4 18. Bd4 Qd8 19. Ne5 f5 20. Qh5 Bxe5 21.
Bxe5 fxe4 22. Rxb4 Qa5 23. Qg6 1-0

[Event "11eme Open International de Saint-Affri"]
[Site "SAINT-AFFRIQUE (12)"]
[Date "????.??.??"]
[Round "1.5"]
[White "Meynard, Thibault"]
[Black "Badea, Bela"]
[Result "0-1"]
[WhiteElo "2231"]
[BlackElo "2499"]
[PlyCount "80"]

1. d4 g6 2. g3 Bg7 3. Bg2 d6 4. Nf3 Nd7 5. O-O e5 6. c4 Ne7 7. Nc3 O-O 8. e4
exd4 9. Nxd4 Nc6 10. Nxc6 bxc6 11. Qc2 Ne5 12. b3 Qf6 13. Bb2 Nf3+ 14. Kh1 Bg4
15. Nd1 Nd4 16. Qd2 Bf3 17. Qe3 Rae8 18. Bxf3 Qxf3+ 19. Qxf3 Nxf3 20. Bxg7 Kxg7
21. Nc3 f5 22. exf5 Rxf5 23. Kg2 g5 24. h3 h5 25. Rac1 g4 26. Nd1 Ne1+ 27. Kh1
Nd3 28. Rc3 Rf3 29. Kg2 Re2 30. a4 a5 31. hxg4 hxg4 32. c5 d5 33. Kg1 Kg6 34.
b4 axb4 35. Rb3 Ra2 36. a5 Kg5 37. a6 Rxa6 38. Ne3 Ra3 39. Rxa3 bxa3 40. Ra1
Nxf2 0-1

[Event "11eme Open International de Saint-Affri"]
[Site "SAINT-AFFRIQUE (12)"]
[Date "????.??.??"]
[Round "1.21"]
[White "Mallassagne, Francois-Eric"]
[Black "Crut, Aurelien"]
[Result "1-0"]
[WhiteElo "2125"]
[BlackElo "2370"]
[PlyCount "91"]

1. d4 d5 2. Nf3 Nf6 3. c4 e6 4. Bg5 c6 5. Nbd2 h6 6. Bxf6 Qxf6 7. e3 Qd8 8. Bd3
Be7 9. O-O Nd7 10. Qe2 O-O 11. cxd5 exd5 12. Rfe1 Nf6 13. e4 dxe4 14. Nxe4 Bb4
15. Nxf6+ Qxf6 16. Qe4 g6 17. Re3 Kg7 18. Ne5 Bf5 19. Qf4 Bxd3 20. Qxf6+ Kxf6
21. Nxd3 Bd6 22. Nc5 Bxc5 23. dxc5 Rfe8 24. Rae1 Rxe3 25. Rxe3 Rd8 26. Kf1 Rd5
27. Rb3 Rxc5 28. Rxb7 a5 29. Ke2 Rb5 30. Rxb5 cxb5 31. a4 $1 {#} 31... bxa4 (
31... Ke5 32. axb5 Kd5 33. b6 Kc6 34. Kd3 Kxb6 35. Kc4 Kc6 36. g4 $1) 32. Kd3
Ke5 33. Kc4 Ke4 34. Kb5 Kd3 35. Kxa4 Kc2 36. Ka3 g5 37. g4 a4 38. f3 Kc1 39.
Kxa4 Kxb2 40. Kb4 Kc2 41. Kc4 Kd2 42. Kd4 Ke2 43. Ke4 Kf2 44. f4 f6 45. f5 Kg2
46. Kd5 1-0

[Event "11eme Open International de Saint-Affri"]
[Site "SAINT-AFFRIQUE (12)"]
[Date "????.??.??"]
[Round "1.27"]
[White "Rodriguez, Angel"]
[Black "David, Vincent"]
[Result "0-1"]
[WhiteElo "2097"]
[BlackElo "2333"]
[PlyCount "82"]

1. e4 e6 2. d4 d5 3. Nc3 Nf6 4. Bd3 Bb4 5. e5 Nfd7 6. Qg4 g6 7. Bg5 Be7 8. Bxe7
Qxe7 9. h4 h5 10. Qf4 a6 11. Nce2 c5 12. c3 Nc6 13. a3 Nb6 14. Rh3 cxd4 15.
cxd4 Bd7 16. Rf3 Qf8 17. Nh3 Ne7 18. Ng5 Nf5 19. g3 Qe7 20. Rc1 Bc6 21. Rc5 Qd8
22. Qc1 Nd7 23. Rc2 Ba4 24. Bxf5 gxf5 25. b3 Bb5 26. Rfc3 Qa5 27. Nf4 Bc6 28.
Kf1 Nf8 29. Kg1 Ke7 30. b4 Qb6 31. Rxc6 bxc6 32. Rxc6 Qb5 33. a4 $1 Qxa4 34.
Qc5+ Ke8 35. Rc7 Nd7 36. Qd6 Rh6 37. Nxd5 exd5 38. Qxh6 Qxb4 39. Qh8+ Nf8 40.
Rxf7 Rc8 {#} 41. Rxf5 $4 (41. Qxh5 $18) 41... Qb1+ 0-1

[Event "11eme Open International de Saint-Affri"]
[Site "SAINT-AFFRIQUE (12)"]
[Date "????.??.??"]
[Round "1.35"]
[White "Marzolf, Bruno"]
[Black "Poloni, Pierre-Marie"]
[Result "0-1"]
[WhiteElo "2263"]
[BlackElo "2075"]
[PlyCount "60"]

1. e4 c5 2. Nf3 Nc6 3. Bb5 g6 4. Bxc6 dxc6 5. d3 Bg7 6. O-O Nf6 7. e5 Nd5 8.
Re1 O-O 9. a4 Bg4 10. Nbd2 Qd7 11. h3 Bxf3 12. Nxf3 Nc7 13. Re4 Rad8 14. Be3 b6
15. Qc1 Rfe8 16. a5 Ne6 17. axb6 axb6 18. b4 cxb4 19. Bxb6 Rb8 20. Rxb4 c5 21.
Rbb1 Nd4 22. Nxd4 Qxd4 23. Ra5 Rec8 24. e6 fxe6 25. Rb3 Be5 26. Rab5 Ra8 27.
Rb1 Bd6 28. Qe1 Kf7 29. c3 Qxd3 30. Bxc5 Rxc5 0-1

[Event "11eme Open International de Saint-Affri"]
[Site "SAINT-AFFRIQUE (12)"]
[Date "????.??.??"]
[Round "2.2"]
[White "Santo-Roman, Marc"]
[Black "Degraeve, Jean-Marc"]
[Result "0-1"]
[WhiteElo "2381"]
[BlackElo "2541"]
[PlyCount "58"]

1. e4 Nf6 2. e5 Nd5 3. d4 d6 4. Nf3 dxe5 5. Nxe5 c6 6. c4 Nb4 7. Be3 Bf5 8. Na3
Nd7 9. Qf3 e6 10. Nxf7 Qa5 11. Bd2 Kxf7 12. g4 Nf6 13. gxf5 Qxf5 14. Be2 Qxf3
15. Bxf3 e5 16. Be3 exd4 17. Bxd4 Bc5 18. Bxc5 Nd3+ 19. Ke2 Nxc5 20. Rhd1 Rhe8+
21. Kf1 a5 22. Nc2 Rad8 23. Ne3 g6 24. Ke2 Ne6 25. Kf1 Nc5 26. Ke2 Nfd7 27. Rd4
Ne6 28. Rh4 $2 Nf6 29. Rd1 g5 0-1

[Event "11eme Open International de Saint-Affri"]
[Site "SAINT-AFFRIQUE (12)"]
[Date "????.??.??"]
[Round "2.3"]
[White "Flear, Glenn C"]
[Black "Estremera Panos, Sergio"]
[Result "1-0"]
[WhiteElo "2527"]
[BlackElo "2370"]
[PlyCount "73"]

1. d4 Nf6 2. c4 e6 3. Nc3 Bb4 4. e3 O-O 5. Bd3 d5 6. cxd5 exd5 7. Nge2 Re8 8.
Bd2 Bd6 9. Rc1 c5 10. Nb5 c4 11. Nxd6 Qxd6 12. Bb1 b5 13. b3 Nc6 14. O-O Ne7
15. bxc4 bxc4 16. Ng3 a5 17. Bc3 Ng6 18. Qd2 Ne4 19. Bxe4 dxe4 20. d5 Nh4 21.
Qd4 Qg6 22. d6 Bh3 {#} 23. Qxg7+ Qxg7 24. Bxg7 Kxg7 25. gxh3 Rad8 26. Rfd1 Re6
27. Rxc4 Rexd6 28. Rxd6 Rxd6 29. Rxe4 Rd1+ 30. Nf1 Nf3+ 31. Kg2 f5 32. Ra4 Ne1+
33. Kg3 Nc2 34. Rc4 Nb4 35. a3 f4+ 36. Rxf4 Nd3 37. Rd4 1-0

[Event "11eme Open International de Saint-Affri"]
[Site "SAINT-AFFRIQUE (12)"]
[Date "????.??.??"]
[Round "2.5"]
[White "Badea, Bela"]
[Black "Cornette, Matthieu"]
[Result "1/2-1/2"]
[WhiteElo "2499"]
[BlackElo "2366"]
[PlyCount "53"]

1. Nf3 b6 2. g3 Bb7 3. Bg2 g6 4. O-O Bg7 5. c4 Nf6 6. d3 d6 7. e4 O-O 8. Ne1 e5
9. f4 exf4 10. gxf4 Nh5 11. Bf3 f5 12. exf5 Qc8 13. Nc2 Bxf3 14. Qxf3 Qxf5 {#}
15. Ne3 (15. Qxa8 c6 16. Nc3 (16. Qxa7 $2 Qg4+ 17. Kh1 Ng3+ 18. hxg3 (18. Kg2
Nxf1+ 19. Kxf1 Qd1+ 20. Kg2 Qxc2+ 21. Nd2 Bxb2 22. Bxb2 Qxb2 $19) 18... Qh3+
19. Kg1 Qxg3+ 20. Kh1 Rf5 21. Qxb8+ Bf8 {et mat}) 16... Qg4+ 17. Kf2 Nxf4 18.
Bxf4 Rxf4+ 19. Ke3 Bh6 20. Rxf4 Qxf4+ 21. Ke2 Qxh2+ $11) 15... Bd4 16. Kh1 Bxe3
17. Bxe3 Qxd3 18. Nc3 Nd7 19. Rad1 Qxc4 20. Nd5 Rae8 21. Rd4 Qxa2 22. Nxc7 Re7
23. Rxd6 Ne5 24. Qd5+ Qxd5+ 25. Nxd5 Rd7 26. Rxd7 Nxd7 27. Rd1 1/2-1/2

[Event "11eme Open International de Saint-Affri"]
[Site "SAINT-AFFRIQUE (12)"]
[Date "????.??.??"]
[Round "2.8"]
[White "Midoux, Sebastien"]
[Black "Ninov, Nikolai"]
[Result "1-0"]
[WhiteElo "2295"]
[BlackElo "2453"]
[PlyCount "45"]

1. e4 c5 2. Nf3 d6 3. Bb5+ Nc6 4. Bxc6+ bxc6 5. O-O e5 6. c3 f5 7. exf5 Bxf5 8.
d4 cxd4 9. cxd4 e4 10. Qc2 Rc8 11. Ng5 Nh6 12. Nxe4 d5 13. Bxh6 Bxe4 14. Qe2
gxh6 15. f3 Qb6 16. fxe4 Qxd4+ 17. Kh1 Qxe4 18. Qa6 Rc7 19. Nc3 Qg6 20. Rae1+
Kd7 $2 {#} (20... Be7) 21. Nxd5 $1 Bd6 (21... cxd5 22. Rf6 $1 Qh5 23. Qe6+ Kd8
24. Rf5 $18) 22. Nf6+ Kd8 23. Rd1 1-0

[Event "11eme Open International de Saint-Affri"]
[Site "SAINT-AFFRIQUE (12)"]
[Date "????.??.??"]
[Round "2.39"]
[White "Roche, Christian"]
[Black "Cwiek, Loic"]
[Result "1-0"]
[WhiteElo "1943"]
[BlackElo "2155"]
[PlyCount "53"]

1. e4 c5 2. Nf3 Nc6 3. d4 cxd4 4. c3 dxc3 5. Nxc3 d6 6. Bc4 Bg4 7. Bxf7+ Kd7 8.
e5 Bxf3 9. Qxf3 Qa5 10. exd6 exd6 11. O-O Nf6 12. Bd2 Qb6 13. Qf5+ Kd8 14. Bg5
Be7 15. Rfd1 Rf8 16. Bb3 Nd4 17. Rxd4 Qxd4 18. Rd1 Qb6 19. Nd5 Qc6 20. Nxe7
Kxe7 21. Qe6+ Kd8 22. Rxd6+ Qxd6 23. Qxd6+ Ke8 24. Qe6+ Kd8 25. Ba4 Kc7 26.
Qe7+ Kb6 27. Qd6+ 1-0

[Event "11eme Open International de Saint-Affri"]
[Site "SAINT-AFFRIQUE (12)"]
[Date "????.??.??"]
[Round "2.41"]
[White "Wilfert, Fabrice"]
[Black "Chaplin, Erik"]
[Result "1-0"]
[WhiteElo "1930"]
[BlackElo "2139"]
[PlyCount "117"]

1. e4 Nc6 2. Nc3 e6 3. Bc4 Nf6 4. Qe2 e5 5. Nf3 Be7 6. d3 d6 7. h3 Na5 8. O-O
c6 9. b4 Nxc4 10. dxc4 a5 11. b5 Qc7 12. a4 h6 13. Be3 Be6 14. b6 Qb8 15. Rab1
g5 16. Nd2 Rg8 17. Nb3 Nd7 18. Nd5 cxd5 19. cxd5 Bxh3 20. gxh3 Nf6 21. Qb5+ Kf8
22. f3 Rg6 23. Kh2 Qc8 24. Rg1 Qxc2+ 25. Kh1 Qc3 26. Rge1 Qc8 27. Kh2 Qc2+ 28.
Nd2 Qc8 29. Rec1 Qb8 30. Nc4 h5 31. Nxa5 g4 32. Rc7 gxf3 33. Nc6 Rg2+ 34. Kh1
Nxe4 35. Bh6+ Kg8 36. Nxe7+ {#} 36... Kh7 $4 (36... Kh8 $19) 37. Qd3 f5 38.
Qxf3 Rf2 39. Nxf5+ Qxc7 40. Qxe4 Qc2 41. Qxc2 Rxc2 42. Rg1 Rxa4 43. Rg7+ Kh8
44. Nxd6 Ra1+ 45. Rg1 Rxg1+ (45... Raa2 46. Nf7+ Kh7 47. Rg7#) 46. Kxg1 Kh7 47.
Be3 Rc3 48. Kf2 Rd3 49. Nxb7 Rxd5 50. Nc5 Rd1 51. b7 Rb1 52. Bd2 Kg6 53. Ba5
Kf5 54. Bc7 Rb2+ 55. Kf3 e4+ 56. Ke3 Kg5 57. Bg3 Rb4 58. Nxe4+ Kf5 59. b8=Q 1-0

[Event "11eme Open International de Saint-Affri"]
[Site "SAINT-AFFRIQUE (12)"]
[Date "????.??.??"]
[Round "3.1"]
[White "Degraeve, Jean-Marc"]
[Black "Maze, Sebastien"]
[Result "1-0"]
[WhiteElo "2541"]
[BlackElo "2412"]
[PlyCount "53"]

1. e4 c5 2. Nf3 Nc6 3. Bb5 g6 4. O-O Bg7 5. c3 Nf6 6. Re1 O-O 7. e5 Nd5 8. d4
cxd4 9. cxd4 d6 10. Nc3 Nxc3 11. bxc3 Qa5 12. Bxc6 bxc6 13. Bg5 Qc7 14. exd6
exd6 15. Re7 Bd7 16. Qd2 Rae8 17. Qf4 Rxe7 18. Bxe7 Re8 19. Bxd6 Qa5 20. Ne5
Be6 21. Nxc6 Qxc3 22. Rc1 Qd3 23. h4 Bxa2 24. Ne7+ Kh8 25. Be5 Be6 26. d5 $1
Bxd5 {#} 27. Qf6 $3 1-0

[Event "11eme Open International de Saint-Affri"]
[Site "SAINT-AFFRIQUE (12)"]
[Date "????.??.??"]
[Round "3.3"]
[White "Kosten, Anthony C"]
[Black "Bratanov, Zsivko"]
[Result "1/2-1/2"]
[WhiteElo "2514"]
[BlackElo "2396"]
[PlyCount "62"]

1. c4 c5 2. Nc3 Nc6 3. Nf3 g6 4. e3 Bg7 5. d4 d6 6. d5 Na5 7. e4 Nf6 8. Be2 O-O
9. Bf4 e5 10. Bg5 h6 11. Bd2 Kh8 12. a3 b6 13. b4 Nb7 14. O-O Ng8 15. Ne1 Bd7
16. Nd3 f5 17. f4 Qe7 18. Bf3 Rae8 19. Qc2 exf4 20. Nxf4 Bd4+ 21. Kh1 Qg7 22.
Rae1 g5 23. Ne6 Bxe6 24. dxe6 f4 25. Nb5 Be5 26. Bh5 Rxe6 27. Bg4 Ree8 28. Nxa7
Nd8 29. Nb5 Nf6 30. Bf5 Nc6 31. Bc3 Nh5 1/2-1/2

[Event "11eme Open International de Saint-Affri"]
[Site "SAINT-AFFRIQUE (12)"]
[Date "????.??.??"]
[Round "3.4"]
[White "Meijers, Viesturs"]
[Black "Guidarelli, Laurent"]
[Result "1/2-1/2"]
[WhiteElo "2483"]
[BlackElo "2392"]
[PlyCount "110"]

1. e4 c5 2. Nf3 d6 3. d4 cxd4 4. Nxd4 Nf6 5. Nc3 a6 6. Be2 e5 7. Nb3 Be7 8. Bg5
Nbd7 9. a4 b6 10. Qd3 h6 11. Bxf6 Nxf6 12. Nd2 Bb7 13. Rd1 O-O 14. Nc4 Qc7 15.
Ne3 Rfd8 16. O-O Qc5 17. Nf5 Bf8 18. Qf3 d5 19. Nxh6+ gxh6 20. Qxf6 Bg7 21. Qf5
d4 22. Nd5 Qxc2 23. Bd3 Qb3 24. Bb1 Rxd5 25. exd5 Qxd5 26. f3 Qb3 27. Rc1 Rd8
28. Rc7 Bd5 29. Rfc1 Be6 30. Qd3 Qxb2 31. R7c2 Qb4 32. Rc6 Bd7 33. Rxh6 e4 34.
Qxe4 Re8 {#} 35. Rh8+ Bxh8 36. Qh7+ Kf8 37. Qxh8+ Ke7 38. Qh4+ Kf8 39. Qh6+ Ke7
40. h4 d3 41. Ba2 Qd4+ 42. Kh1 d2 43. Rd1 Rh8 44. Qg5+ Qf6 45. Qe3+ Kf8 46. g3
Qf5 47. Qxd2 Qxf3+ 48. Kh2 Qf5 49. Qxd7 Rxh4+ 50. Kg1 Rh1+ 51. Kxh1 Qf3+ 52.
Kh2 Qe2+ 53. Kg1 Qe3+ 54. Kg2 Qe2+ 55. Kg1 Qe3+ 1/2-1/2

[Event "11eme Open International de Saint-Affri"]
[Site "SAINT-AFFRIQUE (12)"]
[Date "????.??.??"]
[Round "3.5"]
[White "Boudre, Jean-Pierre"]
[Black "Popchev, Milko"]
[Result "1/2-1/2"]
[WhiteElo "2392"]
[BlackElo "2451"]
[PlyCount "107"]

1. e4 c5 2. Nf3 e6 3. d4 cxd4 4. Nxd4 a6 5. Bd3 Ne7 6. O-O Nec6 7. Nb3 Be7 8.
a4 O-O 9. Nc3 d6 10. a5 Nd7 11. Be3 Nc5 12. Nxc5 dxc5 13. Na4 Qxa5 14. Nxc5 Qc7
15. Na4 Nb4 16. c3 Nxd3 17. Qxd3 Bd7 18. Bb6 Qc8 19. Qe3 Bb5 20. Rfc1 Qc6 21.
Bc5 Bxc5 22. Nxc5 Rac8 23. Nb3 Rfd8 24. Nd4 Qc4 25. f3 e5 26. Nf5 Qc7 27. Rd1
Bc4 28. h4 Be6 29. Ng3 Rd7 30. Rxd7 Qxd7 31. Qb6 Kf8 32. Nf1 Rc6 33. Qa7 Qc7
34. Rd1 Qb6+ 35. Qxb6 Rxb6 36. Rd2 Ke7 37. Kf2 Rd6 38. Ke3 Bc4 39. Rxd6 Kxd6
40. Nd2 Kc5 41. f4 exf4+ 42. Kxf4 a5 43. g4 h6 44. g5 hxg5+ 45. hxg5 b5 46. Ke3
Be6 47. Kd3 f6 48. gxf6 gxf6 49. Ke3 b4 50. cxb4+ Kxb4 51. Kd4 a4 52. Kd3 Bf7
53. Kd4 Bg6 54. Kd5 1/2-1/2

[Event "11eme Open International de Saint-Affri"]
[Site "SAINT-AFFRIQUE (12)"]
[Date "????.??.??"]
[Round "3.9"]
[White "Milliet, Sophie"]
[Black "Sulava, Nenad"]
[Result "1-0"]
[WhiteElo "2275"]
[BlackElo "2479"]
[PlyCount "71"]

1. e4 e6 2. d4 d5 3. exd5 exd5 4. Bf4 Nf6 5. Bd3 c5 6. dxc5 Bxc5 7. Qe2+ Be6 8.
Nf3 O-O 9. O-O Nc6 10. c3 Bg4 11. Nbd2 Re8 12. Qd1 Ne4 13. Qc2 Qf6 14. Bg3 Nxd2
15. Nxd2 h5 16. Qa4 Be2 17. Bxe2 Rxe2 18. Rad1 Rae8 19. Qb5 Bb6 20. Nf3 R2e4 $2
(20... d4) 21. Rxd5 h4 22. Rf5 a6 23. Qd5 {#} 23... hxg3 24. Rxf6 gxf2+ 25. Kh1
gxf6 26. g3 Re1 27. Kg2 R8e2 28. Nd4 $2 (28. Qb3 $1 $18) 28... Rxf1 29. Kxf1
Rxb2 30. h4 Ne5 31. Qe4 Bc5 32. Qf5 Kg7 $2 (32... Rxa2) 33. h5 Nc4 $4 (33...
Rxa2) 34. h6+ $1 Kg8 35. Qg4+ Kf8 36. Qc8+ (36. Qc8+ Ke7 37. Nf5#) 1-0

[Event "11eme Open International de Saint-Affri"]
[Site "SAINT-AFFRIQUE (12)"]
[Date "????.??.??"]
[Round "3.30"]
[White "Petrossian, Armen"]
[Black "Fougerit, Valentin"]
[Result "1-0"]
[WhiteElo "2230"]
[BlackElo "2058"]
[PlyCount "21"]

1. e4 e5 2. Nf3 Nf6 3. d4 Nxe4 4. Bd3 d5 5. Nxe5 Nd7 6. Qe2 Bd6 7. Nxd7 Kxd7 8.
O-O f5 9. c4 dxc4 10. Bxe4 fxe4 11. Qg4+ 1-0

[Event "11eme Open International de Saint-Affri"]
[Site "SAINT-AFFRIQUE (12)"]
[Date "????.??.??"]
[Round "3.42"]
[White "Morato, Thomas"]
[Black "Raggini, Lionel"]
[Result "1-0"]
[WhiteElo "1650"]
[BlackElo "2106"]
[PlyCount "106"]

1. e4 c5 2. Nc3 Nc6 3. f4 e6 4. Nf3 d5 5. Bb5 Nf6 6. e5 Nd7 7. d4 cxd4 8. Nxd4
Qb6 9. Be3 Bc5 10. Bxc6 bxc6 11. Na4 Qa5+ 12. c3 Bxd4 13. Bxd4 Ba6 14. b4 Qb5
15. Nc5 Nxc5 16. Bxc5 Qc4 17. Qd2 Qe4+ 18. Kf2 g5 19. g3 g4 20. Qd1 h5 21. Re1
Qf5 22. Kg1 h4 23. Bf2 hxg3 24. Bxg3 O-O-O 25. a4 Bd3 26. Re3 Be4 27. b5 c5 28.
a5 Rh3 29. b6 a6 30. Qa4 Kb7 31. Qa3 Rc8 32. Qa4 Rc6 33. Ra2 Bf3 34. Rb2 Rh8
35. Kf2 Rd8 36. Rd2 Be4 37. Rxe4 d4 38. Qc2 d3 39. Rxd3 Qxe4 40. Rd7+ Rxd7 41.
Qxe4 c4 42. Ke2 Rd5 43. Qh7 Rd7 44. Bf2 Rc8 45. Qg7 Rcd8 46. Bd4 f5 47. Qg6 Re7
48. Bc5 Red7 49. Bd6 Rh8 50. Qxe6 Rxh2+ 51. Kf1 Rdh7 52. Qd5+ Kc8 53. b7+ Kd7
1-0

[Event "11eme Open International de Saint-Affri"]
[Site "SAINT-AFFRIQUE (12)"]
[Date "????.??.??"]
[Round "4.1"]
[White "Gozzoli, Yannick"]
[Black "Degraeve, Jean-Marc"]
[Result "1-0"]
[WhiteElo "2445"]
[BlackElo "2541"]
[PlyCount "69"]

1. d4 Nf6 2. Nf3 g6 3. c4 Bg7 4. Nc3 O-O 5. e4 d6 6. Be2 e5 7. Be3 Na6 8. O-O
Ng4 9. Bg5 Qe8 10. dxe5 dxe5 11. h3 h6 12. Bd2 Nf6 13. Be3 Qe7 14. Nd5 Qd8 15.
Nxf6+ Qxf6 16. c5 b6 17. Rc1 Rd8 18. Qa4 bxc5 19. Bxc5 Rb8 20. b3 Bb7 21. Bxa7
Ra8 22. Be3 Bf8 23. Qb5 Nc5 24. Rxc5 Ba6 25. Qc6 Qxc6 26. Rxc6 Bxe2 27. Ra1
Bxf3 28. gxf3 Rdb8 29. Rxc7 Rxb3 30. axb3 Rxa1+ 31. Kg2 Kg7 32. f4 Bd6 33. Rd7
Bb8 34. Rd5 Rb1 35. Rb5 1-0

[Event "11eme Open International de Saint-Affri"]
[Site "SAINT-AFFRIQUE (12)"]
[Date "????.??.??"]
[Round "4.2"]
[White "Guidarelli, Laurent"]
[Black "Kosten, Anthony C"]
[Result "0-1"]
[WhiteElo "2392"]
[BlackElo "2514"]
[PlyCount "80"]

1. e4 e6 2. d4 d5 3. Nc3 Nf6 4. e5 Nfd7 5. f4 c5 6. Nf3 a6 7. Be3 Qb6 8. Na4
Qa5+ 9. c3 cxd4 10. b4 Qc7 11. Qxd4 Nc6 12. Qd2 b5 13. Nb2 f6 14. exf6 Nxf6 15.
Bd3 Bd6 16. O-O O-O 17. a4 Rb8 18. axb5 axb5 19. Nd4 Nxd4 20. Bxd4 Ne4 21. Bxe4
dxe4 22. Be5 Bxe5 23. fxe5 Rd8 24. Qf4 Bb7 25. Rad1 Rf8 26. Qe3 Qxe5 27. Rfe1
Bd5 28. Nd3 Qxc3 29. Nc5 Qxe3+ 30. Rxe3 Ra8 31. Rde1 Ra2 32. Nxe4 Rc8 33. R1e2
Rcc2 34. Ng3 Bc4 35. Rxc2 Rxc2 36. Ne4 Bd5 37. g3 Rb2 38. Ng5 Rxb4 39. Nxe6
Rb1+ 40. Kf2 Rb2+ 0-1

[Event "11eme Open International de Saint-Affri"]
[Site "SAINT-AFFRIQUE (12)"]
[Date "????.??.??"]
[Round "4.3"]
[White "Badea, Bela"]
[Black "Mrdja, Milan"]
[Result "1/2-1/2"]
[WhiteElo "2499"]
[BlackElo "2384"]
[PlyCount "60"]

1. Nf3 Nf6 2. g3 g6 3. Bg2 Bg7 4. O-O O-O 5. d4 c6 6. b3 d5 7. Bb2 Ne4 8. c4
Be6 9. Ne5 Nd7 10. Nd3 f5 11. f3 Nd6 12. c5 Nb5 13. e3 Bf7 14. Qc2 Re8 15. Ne5
Nxe5 16. dxe5 Qb8 17. f4 Rd8 18. Nd2 a5 19. Nf3 Nc7 20. h3 Qc8 21. a3 Qd7 22.
Nd4 Ne6 23. Ne2 Nc7 24. Bd4 e6 25. b4 Bf8 26. Rfb1 axb4 27. axb4 Nb5 28. Qb2
Qe8 29. Nc1 Rxa1 30. Rxa1 Ra8 {Suite illisible} 1/2-1/2

[Event "11eme Open International de Saint-Affri"]
[Site "SAINT-AFFRIQUE (12)"]
[Date "????.??.??"]
[Round "4.4"]
[White "Voiska, Margarita"]
[Black "Meijers, Viesturs"]
[Result "1/2-1/2"]
[WhiteElo "2353"]
[BlackElo "2483"]
[PlyCount "113"]

1. c4 e6 2. Nf3 Nf6 3. e3 d5 4. d4 b6 5. Nc3 Bb7 6. cxd5 exd5 7. Bd3 Bd6 8. O-O
O-O 9. Qc2 a6 10. e4 dxe4 11. Nxe4 Nxe4 12. Bxe4 Bxe4 13. Qxe4 Nd7 14. Bg5 f6
15. Bf4 Bxf4 16. Qxf4 Rf7 17. Rac1 Nf8 18. Qe4 Rb8 19. Rc6 Qd7 20. d5 Ng6 21.
Rfc1 Rd8 22. g3 Qxd5 23. Qxd5 Rxd5 24. Rxc7 Rxc7 25. Rxc7 Rd6 26. Kg2 Kf8 27.
h4 h5 28. Ra7 a5 29. b4 axb4 30. Ra4 Ne7 31. Rxb4 Nd5 32. Rb3 Nc7 33. a4 Ke7
34. Rb4 Kd7 35. g4 hxg4 36. Rxg4 Ne6 37. Rc4 Rd5 38. Kg3 Ra5 39. Rg4 Kd6 40.
Nd4 Nc5 41. Nf5+ Ke6 42. Nxg7+ Kf7 43. Nf5 Rxa4 44. Rxa4 Nxa4 45. Nd4 Nc3 46.
Kf4 Nd5+ 47. Ke4 Ne7 48. Nf5 Nxf5 49. Kxf5 b5 50. Ke4 Kg6 51. Kd4 Kh5 52. Kc5
Kxh4 53. Kxb5 Kh3 54. Kc4 Kg2 55. Kd5 Kxf2 56. Ke6 f5 57. Kxf5 1/2-1/2

[Event "11eme Open International de Saint-Affri"]
[Site "SAINT-AFFRIQUE (12)"]
[Date "????.??.??"]
[Round "4.5"]
[White "Popchev, Milko"]
[Black "Cornette, Matthieu"]
[Result "1-0"]
[WhiteElo "2451"]
[BlackElo "2366"]
[PlyCount "77"]

1. b3 d5 2. Bb2 Bg4 3. Nf3 Bxf3 4. gxf3 Nd7 5. f4 Ngf6 6. e3 e6 7. d4 c6 8. Nd2
Bd6 9. Bd3 g6 10. a3 Qe7 11. c4 Nh5 12. Qe2 f5 13. c5 Bc7 14. b4 a6 15. Kd1 Kf7
16. Kc2 Nb8 17. Bc3 a5 18. Nb3 a4 19. Nd2 h6 20. Rhg1 Nf6 21. Rg2 b5 22. cxb6
Bxb6 23. Rag1 Rg8 24. Nf3 Nbd7 25. Ne5+ Nxe5 26. fxe5 Nd7 27. f4 Rac8 28. Kb2
c5 29. dxc5 Nxc5 30. bxc5 Bxc5 31. Ka2 Bxe3 32. Bb4 Qa7 33. Rb1 Bxf4 34. Bd6
Rc1 35. Rxc1 Bxc1 36. Qc2 Bg5 37. Qc6 Rd8 38. Rb2 Rd7 39. Bb5 1-0

[Event "11eme Open International de Saint-Affri"]
[Site "SAINT-AFFRIQUE (12)"]
[Date "????.??.??"]
[Round "4.6"]
[White "Bratanov, Zsivko"]
[Black "Milliet, Sophie"]
[Result "1-0"]
[WhiteElo "2396"]
[BlackElo "2275"]
[PlyCount "95"]

1. d4 d5 2. c4 e6 3. Nf3 Nf6 4. Bg5 Be7 5. e3 O-O 6. Qc2 h6 7. Bf4 c5 8. dxc5
Qa5+ 9. Nbd2 Qxc5 10. a3 dxc4 11. Nxc4 b5 12. b4 Qc6 13. Nfe5 Qa6 14. Na5 Nd5
15. Bd3 Nd7 16. Qe2 Qb6 17. O-O Bf6 18. Nac6 Nxe5 19. Nxe5 a5 20. Rac1 axb4 21.
axb4 Nxb4 22. Bb1 Ra7 23. e4 Bxe5 24. Bxe5 Nc6 25. Bb2 e5 26. Rfd1 Nd4 27. Qh5
Re7 28. Bxd4 exd4 29. Qc5 Qxc5 30. Rxc5 Bb7 31. f3 Rd8 32. Rxb5 Red7 33. Rb6
Ba8 34. h4 Kf8 35. Bd3 Ke7 36. Ra1 Rd6 37. Ra7+ R6d7 38. Ra4 Bb7 39. Bb5 Rc7
40. Ra7 Rb8 41. Ba6 Bxa6 42. Rxc7+ Kd8 43. Rxb8+ Kxc7 44. Rb4 d3 45. Rd4 Kc6
46. Kf2 Kc5 47. Ke3 f6 48. h5 1-0